| 000 | 01274nam a2200325 c 4500 | ||
|---|---|---|---|
| 003 | BLK | ||
| 005 | 20240408135751.0 | ||
| 008 | 180409b bul|||||r ||||||| ||bul|| | ||
| 010 | _aKNG00117589000 | ||
| 020 |
_a954-26-0384-3 _bиздат.: Хермес |
||
| 040 | _aBLK | ||
| 041 |
_aBUL _cBUL |
||
| 080 |
_aИспанска литература _b821.134.2 _x-31 _z821.134.2-31 |
||
| 100 | 1 |
_aЛафорет, Кармен _eпърви автор _987855 |
|
| 700 | 1 |
_aПачкова-Димитрова, Мария Петрова _eпрев. _9107399 |
|
| 139 |
_aЛафорет, Кармен _bЛ 28 |
||
| 245 | 1 | 0 |
_aНищо _bРоман _cКармен Лафорет; прев. Мария Петрова Пачкова-Димитрова. |
| 257 | _aSPA | ||
| 260 |
_аПловдив _bХермес _c2006 _fХасково : Полиграфюг |
||
| 300 |
_a256 с. _c20 см |
||
| 380 | _aX | ||
| 500 | _aОриг. загл. Nada / Carmen Laforet. - 1. изд. - 1975 на изд. Хр. Г. Данов - Пловдив. - Офс. изд. | ||
| 653 | _aромани | ||
| 852 | _aЦб 227056 | ||
| 856 | 4 |
_qpdf _u |
|
| 856 | 4 |
_qpdf _u |
|
| 942 |
_cKNG _n0 _02 |
||
| 944 |
_aCR _c02.05.2006 _k30531 _lЦветелина Шанова |
||
| 944 |
_aED _c04.04.2007 _k |
||
| 999 |
_c112226 _d112226 |
||